|
|
|
|
| LEADER |
00000cam a2200000 7i4500 |
| 001 |
0000004681 |
| 005 |
20021118093000.0 |
| 008 |
021118n |
| 020 |
|
|
|a 0942391071
|
| 090 |
0 |
0 |
|a TT197
|b .V36 1990
|
| 100 |
0 |
|
|a Vandal, Norman,
|c 1948- ,
|e author
|
| 245 |
0 |
0 |
|a Queen Anne furniture :
|b history, design and construction
|c Norman Vandal
|
| 260 |
2 |
|
|a Newtown, CT :
|b The Taunton Press ,
|c c1990
|
| 300 |
|
|
|a 247 p. :
|b ill. (some col.) ; ;
|c 30 cm.
|
| 504 |
|
|
|a Includes bibliographical references (p. 244-245) and index
|
| 650 |
|
0 |
|a Decoration and ornament
|x Queen Anne style
|
| 650 |
|
0 |
|a Furniture making
|
| 650 |
|
0 |
|a Furniture making
|x History
|
| 999 |
|
|
|a 1000084920
|b Book
|c OPEN SHELF (30 DAYS)
|e Gong Badak Campus
|